[Event "JUG-ch"]
[Site "Zagreb"]
[Date "1977.??.??"]
[Round "10"]
[White "Ljubojevic, Ljubomir"]
[Black "Messing, Hrvoje"]
[Result "1-0"]
[WhiteElo "2615"]
[BlackElo "2425"]
[PlyCount "151"]
[EventDate "1977.02.??"]
[Source "ChessBase"]

1. e4 e6 2. d4 d5 3. Nc3 Nf6 4. Bg5 Be7 5. Bxf6 Bxf6 6. Nf3 O-O 7. Qd2 c5 8. exd5 exd5 9. dxc5 Qe7+ 10. Qe3 Bxc3+ 11. bxc3 Qxe3+ 12. fxe3 Be6 13. Nd4 Rc8 14. Rb1 Nd7 15. Rxb7 Nxc5 16. Rb5 a5 17. Bd3 Bd7 18. Rb6 Rab8 19. Rxb8 Rxb8 20. Kd2 Rb2 21. Ra1 Nxd3 22. Kxd3 a4 23. a3 Kf8 24. c4 dxc4+ 25. Kxc4 Ke7 26. Kc5 Rb8 27. Rd1 Rc8+ 28. Kb4 Rb8+ 29. Kc3 Rb6 30. Kc4 Rh6 31. h3 Rb6 32. Kc5 Rb8 33. Rd2 Rc8+ 34. Kb4 Rb8+ 35. Kc4 Rc8+ 36. Kd3 Rb8 37. Rd1 Rb2 38. Ra1 Rb6 39. Ra2 Kd6 40. Ra1 Bc8 41. Rf1 f6 42. Kc3 Ke5 43. Rf4 Bd7 44. Nf3+ Kd6 45. Rd4+ Ke7 46. Rb4 Rc6+ 47. Kd3 Rc5 48. c4 Kd6 49. Rb7 Ra5 50. Kd4 Ra8 51. e4 Kc6 52. Rb2 Rd8 53. Kc3 Re8 54. Re2 Rb8 55. Nd4+ Kd6 56. Rd2 Kc5 57. Rd1 Rb7 58. g4 h6 59. Rg1 Rb8 60. Re1 Kd6 61. Nb5+ Kc5 62. Rb1 Bc6 63. Rb4 Re8 64. Nc7 Rxe4 65. Na6+ Kd6 66. Rb6 Re6 67. Kb4 Ke5 68. Nc7 Rd6 69. Kc5 Rd3 70. Rxc6 Rxa3 71. Re6+ Kf4 72. Nd5+ Kg5 73. Re3 Rxe3 74. Nxe3 a3 75. Nc2 a2 76. Kd5 1-0

[Event "Berlin Open"]
[Site "Berlin West"]
[Date "1988.??.??"]
[Round "9"]
[White "Ivanovic, Bozidar"]
[Black "Franke, Heribert"]
[Result "1-0"]
[WhiteElo "2540"]
[BlackElo "2395"]
[PlyCount "37"]
[EventDate "1988.08.??"]
[Source "www.chesslib.no"]
[SourceDate "2004.05.04"]

1. e4 e6 2. d4 d5 3. Nc3 Nf6 4. Bg5 Be7 5. Bxf6 Bxf6 6. Nf3 O-O 7. Qd2 b6 8. O-O-O a5 9. h4 Ba6 10. Bxa6 Nxa6 11. Kb1 c6 12. Ng5 b5 13. e5 Be7 14. f4 b4 15. Na4 c5 16. dxc5 Nxc5 17. Nxc5 Bxc5 18. Qd3 g6 19. h5 1-0

[Event "Makarska"]
[Site "Makarska"]
[Date "1994.??.??"]
[Round "?"]
[White "Ljubicic, Filip"]
[Black "Dizdar, Goran"]
[Result "1/2-1/2"]
[WhiteElo "2335"]
[BlackElo "2500"]
[PlyCount "79"]
[EventDate "1994.06.??"]
[Source "www.chesslib.no"]
[SourceDate "2004.05.04"]

1. e4 e6 2. d4 d5 3. Nc3 Nf6 4. Bg5 Be7 5. Bxf6 Bxf6 6. Nf3 c5 7. e5 Be7 8. dxc5 Nd7 9. Bd3 Nxc5 10. O-O O-O 11. Ne2 Qb6 12. Rb1 Bd7 13. Ned4 a5 14. c3 Nxd3 15. Qxd3 Qa6 16. Qe3 b5 17. Nd2 b4 18. f4 Rab8 19. g4 g6 20. Kh1 Kh8 21. f5 exf5 22. gxf5 Bxf5 23. Nxf5 gxf5 24. Rxf5 bxc3 25. Qxc3 Bb4 26. Qd4 Qb6 27. Nf3 Qxd4 28. Nxd4 Bc3 29. Nb3 Bxb2 30. e6 Ba3 31. exf7 a4 32. Nd2 Rxb1+ 33. Nxb1 Bb2 34. Nd2 Kg7 35. Rxd5 Rxf7 36. Nc4 a3 37. Ra5 Rf1+ 38. Kg2 Ra1 39. Nxa3 Rxa2 40. Nc4 1/2-1/2

[Event "Makarska"]
[Site "Makarska"]
[Date "1994.??.??"]
[Round "?"]
[White "Ljubicic, Filip"]
[Black "Dizdar, Goran"]
[Result "1/2-1/2"]
[WhiteElo "2335"]
[BlackElo "2500"]
[PlyCount "79"]
[EventDate "1994.06.??"]
[Source "www.chesslib.no"]
[SourceDate "2004.05.04"]

1. e4 e6 2. d4 d5 3. Nc3 Nf6 4. Bg5 Be7 5. Bxf6 Bxf6 6. Nf3 c5 7. e5 Be7 8. dxc5 Nd7 9. Bd3 Nxc5 10. O-O O-O 11. Ne2 Qb6 12. Rb1 Bd7 13. Ned4 a5 14. c3 Nxd3 15. Qxd3 Qa6 16. Qe3 b5 17. Nd2 b4 18. f4 Rab8 19. g4 g6 20. Kh1 Kh8 21. f5 exf5 22. gxf5 Bxf5 23. Nxf5 gxf5 24. Rxf5 bxc3 25. Qxc3 Bb4 26. Qd4 Qb6 27. Nf3 Qxd4 28. Nxd4 Bc3 29. Nb3 Bxb2 30. e6 Rb5 31. Nc5 Rc8 32. Rg1 Rbb8 33. a4 Ba1 34. Ne4 Rc1 35. e7 Rbc8 36. Nd6 Bb2 37. e8=N R1c5 38. Re1 Rc3 39. Re2 Rd3 40. Nb7 1/2-1/2

[Event "Makarska"]
[Site "Makarska"]
[Date "1994.??.??"]
[Round "?"]
[White "Ljubicic, Filip"]
[Black "Kovacevic, Vlatko"]
[Result "1-0"]
[WhiteElo "2335"]
[BlackElo "2485"]
[PlyCount "87"]
[EventDate "1994.06.??"]
[Source "www.chesslib.no"]
[SourceDate "2004.05.04"]

1. e4 e6 2. d4 d5 3. Nc3 Nf6 4. Bg5 Be7 5. Bxf6 Bxf6 6. Nf3 b6 7. Bd3 Bb7 8. e5 Be7 9. O-O c5 10. Qd2 O-O 11. Rfe1 Nc6 12. Qf4 a6 13. Qg4 c4 14. Bf1 Bc8 15. Rad1 Ra7 16. Ne2 f5 17. exf6 Bxf6 18. Qg3 Be7 19. Nf4 Bd6 20. Ne5 Qe8 21. Nh3 Nxe5 22. dxe5 Bc5 23. Kh1 Qa4 24. b3 Qxa2 25. bxc4 Qxc2 26. Bd3 Qa4 27. cxd5 exd5 28. e6 g6 29. Qe5 Re7 30. Qxd5 Bb7 31. Qe5 Qg4 32. Be4 Rxe6 33. Bd5 Bxd5 34. Qxd5 Rfe8 35. Nf4 Qxf4 36. Rxe6 Rxe6 37. Qxe6+ Kg7 38. f3 h5 39. Qc8 Qa4 40. Rd7+ Kf6 41. Qh8+ Kf5 42. Qg7 Qc2 43. Rd5+ Ke6 44. Qe5+ 1-0

[Event "Groningen Open"]
[Site "Groningen NED"]
[Date "1989.??.??"]
[Round "2"]
[White "Maier, Christian"]
[Black "Moskalenko, Viktor"]
[Result "1/2-1/2"]
[WhiteElo "2325"]
[BlackElo "2490"]
[PlyCount "114"]
[EventDate "1989.12.??"]
[Source "www.chesslib.no"]
[SourceDate "2004.05.04"]

1. e4 e6 2. d4 d5 3. Nc3 Nf6 4. Bg5 Be7 5. Bxf6 Bxf6 6. e5 Be7 7. Qg4 O-O 8. Bd3 c5 9. Qh3 g6 10. dxc5 Nd7 11. f4 Nxc5 12. O-O-O b5 13. Nce2 Qa5 14. Kb1 Na4 15. Qe3 d4 16. Qc1 Bb7 17. Nxd4 Bxg2 18. Nb3 Qb6 19. Ne2 Bxh1 20. Rxh1 Nc5 21. Nxc5 Qxc5 22. h4 Rfd8 23. Rh2 Rxd3 24. cxd3 Qxc1+ 25. Kxc1 Rd8 26. Kd2 h5 27. Nc3 Kg7 28. Ne4 Rc8 29. Ng5 Kf8 30. Re2 Ke8 31. Re4 a5 32. Kd1 a4 33. a3 Rc7 34. Re2 Rd7 35. Kc2 Rd4 36. Rf2 Bxg5 37. hxg5 b4 38. Rf1 Kd7 39. Kd2 Kc6 40. Ke3 Rd5 41. axb4 Kb5 42. Rc1 Rd7 43. Rc4 h4 44. f5 Rd5 45. fxg6 fxg6 46. Rxh4 Rxe5+ 47. Kd2 Rxg5 48. Re4 Rg1 49. Rxe6 Kxb4 50. Rb6+ Kc5 51. Ra6 Kb5 52. Ra8 g5 53. Rb8+ Kc5 54. Ra8 Kb5 55. Rb8+ Kc6 56. Rb4 Ra1 57. Rg4 Ra2 1/2-1/2

[Event "ROM Ch"]
[Site "Predeal"]
[Date "1988.??.??"]
[Round "4"]
[White "Stanciu, Adrian"]
[Black "Foisor, Ovidiu"]
[Result "0-1"]
[WhiteElo "2310"]
[BlackElo "2475"]
[PlyCount "58"]
[EventDate "1988.??.??"]
[Source "www.chesslib.no"]
[SourceDate "2004.05.04"]

1. e4 e6 2. d4 d5 3. Nc3 Nf6 4. Bg5 Be7 5. Bxf6 Bxf6 6. Nf3 c5 7. e5 Be7 8. dxc5 Bxc5 9. Bd3 Nc6 10. O-O O-O 11. Na4 Be7 12. c4 dxc4 13. Bxc4 Qa5 14. Nc3 Nxe5 15. Nxe5 Qxe5 16. Re1 Qa5 17. Qf3 Bf6 18. Rac1 Rb8 19. Bd3 Bd7 20. Be4 Bc6 21. Bxc6 bxc6 22. Qxc6 Rxb2 23. Ne4 Bd4 24. Red1 e5 25. a4 Ra2 26. Rd3 Qb6 27. Nf6+ gxf6 28. Rg3+ Kh8 29. Qc8 Qd8 0-1

[Event "Zagreb CRO"]
[Site "?"]
[Date "2006.01.19"]
[Round "6"]
[White "Bogut Zeljko"]
[Black "Brumen Dinko"]
[Result "1-0"]
[WhiteElo "2419"]
[BlackElo "2362"]
[PlyCount "120"]
[EventDate "2006.??.??"]
[Source "www.chesslib.no"]
[SourceDate "2004.05.04"]

1. e4 e6 2. d4 d5 3. Nc3 Nf6 4. Bg5 Be7 5. Bxf6 Bxf6 6. Nf3 O-O 7. Qd2 c5 8. O-O-O cxd4 9. Nxd4 Nc6 10. Nb3 d4 11. Qe1 a5 12. a4 Qb6 13. Nb5 e5 14. Bc4 Bd7 15. Kb1 Na7 16. Qe2 Rfc8 17. Nxa7 Rxa7 18. f4 Qc7 19. fxe5 Bxe5 20. Nxd4 Bxa4 21. Nb5 Bxb5 22. Bxb5 g6 23. Rd7 Qb6 24. Rf1 a4 25. Qf3 f6 26. Qd3 a3 27. bxa3 Rca8 28. a4 Rxa4 29. Kc1 Ra1+ 30. Kd2 Rxf1 31. Qxf1 Qa5+ 32. Ke3 Qc3+ 33. Qd3 Qxd3+ 34. cxd3 b6 35. g3 Ra3 36. Bc4+ Kh8 37. Kf3 h5 38. h4 Rc3 39. g4 hxg4+ 40. Kxg4 Rc1 41. Bf7 Rg1+ 42. Kf3 g5 43. hxg5 fxg5 44. d4 Bxd4 45. Rxd4 Rf1+ 46. Kg4 Rxf7 47. Kxg5 Kg7 48. Rb4 Rb7 49. e5 Kf7 50. Kf5 b5 51. Rh4 Kg7 52. e6 b4 53. Rg4+ Kf8 54. Kf6 b3 55. Rc4 Rb8 56. Rh4 Kg8 57. Rg4+ Kh7 58. Kf7 Kh6 59. e7 b2 60. Rg1 b1=Q 1-0

[Event "San Sebastian Open"]
[Site "San Sebastian ESP"]
[Date "1992.??.??"]
[Round "?"]
[White "Markzon, Gregory"]
[Black "Moskalenko, Viktor"]
[Result "0-1"]
[WhiteElo "2275"]
[BlackElo "2505"]
[PlyCount "30"]
[EventDate "1992.??.??"]
[Source "www.chesslib.no"]
[SourceDate "2004.05.04"]

1. e4 e6 2. d4 d5 3. Nc3 Nf6 4. Bg5 Be7 5. Bxf6 Bxf6 6. e5 Be7 7. Qg4 g6 8. h4 h5 9. Qg3 c5 10. dxc5 Nd7 11. Nf3 Nxc5 12. Rd1 Bd7 13. Bd3 Qb6 14. Ng5 Qxb2 15. Nxe6 Qxc3+ 0-1

[Event "SUI-chT"]
[Site "SUI"]
[Date "1995.??.??"]
[Round "5"]
[White "Bichsel, Walter"]
[Black "Zueger, Beat"]
[Result "1-0"]
[WhiteElo "2305"]
[BlackElo "2470"]
[PlyCount "89"]
[EventDate "1995.??.??"]
[Source "ChessBase"]

1. e4 e6 2. d4 d5 3. Nc3 Nf6 4. Bg5 Be7 5. Bxf6 Bxf6 6. Nf3 O-O 7. Bd3 c5 8. e5 Be7 9. h4 f5 10. dxc5 Nd7 11. b4 b6 12. Bb5 Rb8 13. Nxd5 exd5 14. Qxd5+ Kh8 15. Rd1 Nxc5 16. bxc5 bxc5 17. Bc4 Qa5+ 18. Qd2 Qa4 19. Qe2 Rb4 20. Bb3 Qc6 21. c4 Be6 22. O-O a5 23. Nd2 a4 24. Bc2 Bxh4 25. a3 Rb2 26. Nf3 Be7 27. Rb1 Rfb8 28. Rxb2 Rxb2 29. Bxa4 Rxe2 30. Bxc6 Bxc4 31. Rb1 Kg8 32. a4 Kf7 33. Bb5 Rc2 34. Bd7 Ra2 35. Bxf5 Rxa4 36. Bxh7 Be6 37. Rb6 Bd5 38. Rb8 Bxf3 39. gxf3 Bg5 40. Bf5 Bf4 41. e6+ Kf6 42. Rf8+ Ke7 43. Rf7+ Kd6 44. Rd7+ Kc6 45. Be4+ 1-0

[Event "Yugoslavia"]
[Site "Yugoslavia"]
[Date "1988.??.??"]
[Round "?"]
[White "Kurajica, Bojan"]
[Black "Popovic, Djordje"]
[Result "0-1"]
[WhiteElo "2495"]
[BlackElo "2270"]
[PlyCount "68"]
[EventDate "1988.??.??"]
[Source "www.chesslib.no"]
[SourceDate "2004.05.04"]

1. e4 e6 2. d4 d5 3. Nc3 Nf6 4. Bg5 Be7 5. Bxf6 Bxf6 6. Nf3 b6 7. Qd2 Bb7 8. exd5 Bxd5 9. Be2 Bb7 10. Qe3 O-O 11. O-O-O Nd7 12. Kb1 Qe7 13. Bc4 a6 14. Rhe1 b5 15. Bd5 c6 16. Be4 Nb6 17. Nd2 b4 18. Ne2 Nd5 19. Qd3 g6 20. Nb3 a5 21. Nc5 a4 22. h4 a3 23. b3 Ra5 24. Qc4 Rb5 25. h5 Nb6 26. Qd3 Bc8 27. Rh1 Bg7 28. hxg6 hxg6 29. Bxc6 Ra5 30. Qe3 Rd8 31. Nd3 Ba6 32. Ne5 Qc7 33. Bf3 Bxe2 34. Bxe2 Nd5 0-1

[Event "Krumbach Open"]
[Site "Krumbach"]
[Date "1991.??.??"]
[Round "10"]
[White "Brendel, Oliver"]
[Black "Zlochevskij, Alexander"]
[Result "0-1"]
[WhiteElo "2325"]
[BlackElo "2440"]
[PlyCount "86"]
[EventDate "1991.03.??"]
[Source "www.chesslib.no"]
[SourceDate "2004.05.04"]

1. e4 e6 2. d4 d5 3. Nc3 Nf6 4. Bg5 Be7 5. Bxf6 Bxf6 6. Nf3 O-O 7. Qd2 c5 8. exd5 exd5 9. O-O-O c4 10. Ne5 Na6 11. g4 Nc7 12. Rg1 Ne6 13. Ne2 Bg5 14. f4 Nxf4 15. Nxf4 Qf6 16. Kb1 Bxf4 17. g5 Qf5 18. Qg2 Bxe5 19. dxe5 Qxe5 20. Qxd5 Qxd5 21. Rxd5 Be6 22. Ra5 b6 23. Ra4 a6 24. Bg2 Ra7 25. Rb4 Rb8 26. Rd1 Kf8 27. Rd6 b5 28. a4 Ke7 29. Rc6 Rd8 30. Bf3 Rd2 31. axb5 axb5 32. b3 Rf2 33. Be4 Re2 34. Bf3 Re3 35. Bg2 cxb3 36. Be4 bxc2+ 37. Rxc2 Bc4 38. Bxh7 g6 39. Rf2 Re1+ 40. Kc2 Ra2+ 41. Rb2 Rxb2+ 42. Kxb2 Re2+ 43. Rxe2+ Bxe2 0-1

[Event "Solin"]
[Site "Solingen GER"]
[Date "1994.??.??"]
[Round "8"]
[White "Matkovic, Tonci"]
[Black "Dizdar, Goran"]
[Result "0-1"]
[WhiteElo "2255"]
[BlackElo "2500"]
[PlyCount "130"]
[EventDate "1994.10.??"]
[Source "www.chesslib.no"]
[SourceDate "2004.05.04"]

1. e4 e6 2. d4 d5 3. Nc3 Nf6 4. Bg5 Be7 5. Bxf6 Bxf6 6. Nf3 c5 7. exd5 exd5 8. Bb5+ Nc6 9. O-O O-O 10. dxc5 Qa5 11. Rb1 Bxc3 12. bxc3 Qxc3 13. Qxd5 Be6 14. Qd3 Qxc5 15. Bxc6 bxc6 16. Rb2 Rfb8 17. Rfb1 Rb6 18. Qd4 Qxc2 19. Qxb6 Qxb1+ 20. Rxb1 axb6 21. Rxb6 c5 22. h3 Kf8 23. Rc6 Ra5 24. Ne5 Ke7 25. Nd3 c4 26. Nb2 Kd7 27. Rb6 Rxa2 28. Kh2 Kc7 29. Rb5 Kc6 30. Rb4 Kc5 31. Rb8 Ra5 32. Rb7 Kc6 33. Rb4 Rb5 34. Rxc4+ Bxc4 35. Nxc4 f6 36. g3 Kd5 37. Ne3+ Ke4 38. Kg2 Rb3 39. Nf1 Kd3 40. g4 Rb4 41. Ne3 Rb7 42. Nf5 g6 43. Ng3 Kd4 44. Kf3 Ke5 45. Kg2 Rb2 46. Kf3 Ra2 47. Nf1 Ra3+ 48. Ne3 Rb3 49. Kg2 Ke4 50. Nf1 Kf4 51. Nd2 Rc3 52. Nf1 Rd3 53. Nh2 h5 54. gxh5 gxh5 55. Nf1 h4 56. Nh2 f5 57. Nf1 Ke4 58. Nh2 Rd7 59. Kg1 Rd1+ 60. Kg2 Rd3 61. Nf1 f4 62. Nh2 f3+ 63. Kg1 Rd1+ 64. Nf1 Rxf1+ 65. Kxf1 Kd3 0-1

[Event "SLO-ch"]
[Site "Skofja Loka"]
[Date "2000.??.??"]
[Round "8"]
[White "Podkriznik, Gregor"]
[Black "Soln, Primoz"]
[Result "0-1"]
[WhiteElo "2341"]
[BlackElo "2413"]
[PlyCount "56"]
[EventDate "2000.11.??"]
[Source "ChessBase"]
[SourceDate "2001.01.11"]

1. e4 e6 2. d4 d5 3. Nc3 Nf6 4. Bg5 Be7 5. Bxf6 Bxf6 6. e5 Be7 7. f4 c5 8. Nf3 Nc6 9. Qd2 a6 10. dxc5 Bxc5 11. O-O-O b5 12. h4 Qb6 13. Re1 Bd7 14. Kb1 Ne7 15. Bd3 b4 16. Nd1 a5 17. h5 h6 18. g4 a4 19. f5 b3 20. f6 gxf6 21. exf6 Nc6 22. g5 hxg5 23. Qxg5 a3 24. cxb3 axb2 25. Rh2 Nb4 26. Ne5 Rxa2 27. Nxd7 Kxd7 28. Nxb2 Rha8 0-1

[Event "Eastern op"]
[Site "Washington DC"]
[Date "1998.12.28"]
[Round "5"]
[White "Negulescu, Adrian"]
[Black "Schneider, Dmitry"]
[Result "1/2-1/2"]
[WhiteElo "2465"]
[BlackElo "2270"]
[PlyCount "98"]
[EventDate "1998.12.??"]
[Source "www.chesslib.no"]
[SourceDate "2004.05.04"]

1. e4 e6 2. d4 d5 3. Nc3 Nf6 4. Bg5 Be7 5. Bxf6 Bxf6 6. Nf3 c5 7. exd5 exd5 8. dxc5 O-O 9. Qd2 Re8+ 10. Be2 Bxc3 11. Qxc3 Qe7 12. Qe3 Qxe3 13. fxe3 Nd7 14. O-O-O Rxe3 15. Bb5 Nf6 16. Rhe1 Rxe1 17. Rxe1 Be6 18. Nd4 Ne4 19. c6 bxc6 20. Bxc6 Rb8 21. a3 Kf8 22. b4 Ke7 23. c4 Nf2 24. Kc2 dxc4 25. Nxe6 Nd3 26. Re4 fxe6 27. Bd5 Kd6 28. Bxe6 Re8 29. Bd5 Re5 30. Rxe5 Kxe5 31. Bxc4 Ne1+ 32. Kc3 Nxg2 33. a4 Ne3 34. Bd3 h5 35. a5 g5 36. b5 Kd6 37. Kd4 Nd5 38. Be4 Nc7 39. Kc4 g4 40. Bf5 Nd5 41. Be4 Nc7 42. b6 axb6 43. axb6 Na6 44. Kd4 Nc5 45. Bh1 h4 46. Bg2 g3 47. h3 Nd7 48. b7 Kc7 49. Ke3 Nc5 1/2-1/2

[Event "Split"]
[Site "?"]
[Date "1997.??.??"]
[Round "?"]
[White "Ljubicic Filip"]
[Black "Samovojska Damir"]
[Result "1-0"]
[WhiteElo "2350"]
[BlackElo "2345"]
[PlyCount "75"]
[EventDate "1997.??.??"]
[Source "www.chesslib.no"]
[SourceDate "2004.05.04"]

1. e4 e6 2. d4 d5 3. Nc3 Nf6 4. Bg5 Be7 5. Bxf6 Bxf6 6. Nf3 c5 7. Bb5+ Nc6 8. O-O O-O 9. dxc5 Qa5 10. Bd3 Bxc3 11. bxc3 Qxc3 12. Rb1 h6 13. Qd2 Qxc5 14. Rb5 Qe7 15. Re1 a6 16. Rb6 Qc5 17. Reb1 d4 18. Qe2 Ne5 19. Nxe5 Qxe5 20. Qd2 Qc5 21. f4 Ra7 22. Qb4 Qxb4 23. R1xb4 Rd8 24. e5 Kf8 25. Rc4 Ra8 26. Be4 Rd7 27. Kf2 Ke7 28. Ke2 a5 29. Kd3 a4 30. a3 f6 31. Rxd4 fxe5 32. fxe5 Ra5 33. Rxd7+ Kxd7 34. Kd4 Kc7 35. Rb1 Bd7 36. Rxb7+ Kd8 37. c4 Ra8 38. Rxd7+ 1-0

[Event "ROM Team Ch"]
[Site "Romania"]
[Date "1993.??.??"]
[Round "2"]
[White "Pavlov, Mircea"]
[Black "Nicula, Marius"]
[Result "1/2-1/2"]
[WhiteElo "2385"]
[BlackElo "2300"]
[PlyCount "41"]
[EventDate "1993.??.??"]
[Source "www.chesslib.no"]
[SourceDate "2004.05.04"]

1. e4 e6 2. d4 d5 3. Nc3 Nf6 4. Bg5 Be7 5. Bxf6 Bxf6 6. Nf3 O-O 7. Qd3 b6 8. O-O-O Ba6 9. Qe3 Bxf1 10. Rhxf1 Nc6 11. Kb1 Na5 12. g4 Nc4 13. Qf4 Rc8 14. g5 Be7 15. h4 Bb4 16. Ne2 f5 17. e5 Qe8 18. c3 Be7 19. Nd2 Na3+ 20. Ka1 Nc2+ 21. Kb1 1/2-1/2

[Event "7th United Insurance"]
[Site "Dhaka"]
[Date "2004.05.10"]
[Round "5"]
[White "Saptarshi, Roy Chowdhury"]
[Black "Dutta, Sayantan"]
[Result "1-0"]
[WhiteElo "2356"]
[BlackElo "2316"]
[PlyCount "79"]
[EventDate "2004.05.07"]
[Source "Roberto Alvarez"]
[SourceDate "2004.05.31"]

1. e4 e6 2. d4 d5 3. Nc3 Nf6 4. Bg5 Be7 5. Bxf6 Bxf6 6. Nf3 b6 7. Bd3 Bb7 8. Qe2 dxe4 9. Nxe4 Nd7 10. O-O-O Qe7 11. g4 g6 12. h4 h5 13. Ba6 O-O-O 14. g5 Bg7 15. Rhe1 Nb8 16. Bxb7+ Kxb7 17. Qc4 Nc6 18. Nc5+ bxc5 19. Qb5+ Kc8 20. Qxc6 cxd4 21. Qa8+ Kd7 22. Qxa7 Ke8 23. Nxd4 Bxd4 24. Rxd4 Kf8 25. Rxd8+ Qxd8 26. Rd1 Qe7 27. Qd4 Rh7 28. Qd8+ Qxd8 29. Rxd8+ Ke7 30. Rc8 Kd6 31. Rg8 Ke5 32. b4 f5 33. Rxg6 Kf4 34. b5 e5 35. Rf6 Kg4 36. g6 Rg7 37. a4 Kxh4 38. a5 Kg5 39. Rf8 Rxg6 40. a6 1-0

[Event "Golden Cleopatra op"]
[Site "Cairo"]
[Date "2002.04.13"]
[Round "7"]
[White "Yousry, Mohamed"]
[Black "Kaabi, Mejdi"]
[Result "0-1"]
[WhiteElo "2256"]
[BlackElo "2352"]
[PlyCount "91"]
[EventDate "2002.04.07"]
[Source "ChessBase"]
[SourceDate "2002.05.03"]

1. e4 e6 2. d4 d5 3. Nc3 Nf6 4. Bg5 Be7 5. Bxf6 Bxf6 6. Nf3 O-O 7. e5 Be7 8. Bd3 c5 9. dxc5 Nd7 10. O-O Nxc5 11. Nd4 f5 12. Kh1 a6 13. f4 Nxd3 14. Qxd3 Bc5 15. Nce2 Kh8 16. c3 Bd7 17. Rf3 Qe8 18. Rh3 g6 19. b4 Bb6 20. Nf3 Bb5 21. Qd2 Bxe2 22. Qxe2 Kg7 23. Ng5 h6 24. Nf3 Rc8 25. Nh4 g5 26. fxg5 hxg5 27. Rg3 g4 28. Rf1 Qh5 29. Rh3 Qg5 30. Nf3 Qe3 31. Qxe3 Bxe3 32. Rg3 Rxc3 33. Ng1 d4 34. h3 Bxg1 35. Rxc3 dxc3 36. Kxg1 gxh3 37. gxh3 c2 38. Kf2 Rc8 39. Rc1 Rc3 40. Ke2 Rxh3 41. Rg1+ Kf7 42. Kd2 Rh2+ 43. Kc1 b5 44. Re1 Rh4 45. Kxc2 Rxb4 46. Re3 0-1

[Event "Makarska"]
[Site "Makarska"]
[Date "1993.??.??"]
[Round "?"]
[White "Ljubicic, Filip"]
[Black "Kovacevic, Vladimir"]
[Result "0-1"]
[WhiteElo "2335"]
[BlackElo "2265"]
[PlyCount "146"]
[EventDate "1993.??.??"]
[Source "www.chesslib.no"]
[SourceDate "2004.05.04"]

1. e4 e6 2. d4 d5 3. Nc3 Nf6 4. Bg5 Be7 5. Bxf6 Bxf6 6. Nf3 b6 7. Bd3 Bb7 8. O-O O-O 9. e5 Be7 10. Ne2 c5 11. c3 Ba6 12. Bxa6 Nxa6 13. Qd3 c4 14. Qe3 b5 15. Nd2 b4 16. f4 bxc3 17. bxc3 Rb8 18. Rab1 Qd7 19. Nf3 Nc7 20. g4 Rb6 21. Rxb6 axb6 22. Ng3 Ra8 23. f5 exf5 24. gxf5 Rxa2 25. f6 Qh3 26. Nd2 gxf6 27. exf6 Bf8 28. Rf5 Bh6 29. Qe7 Ne6 30. Qe8+ Nf8 31. Rh5 Qe6 32. Qxe6 fxe6 33. Nxc4 Bd2 34. Nxd2 Rxd2 35. Rg5+ Ng6 36. Rh5 Rc2 37. f7+ Kg7 38. Rh3 b5 39. Nf1 Kxf7 40. Rxh7+ Kf6 41. Rh3 Nf4 42. Rf3 Kg5 43. Ng3 Kg4 44. Re3 Nh3+ 45. Kf1 Rxh2 46. Ne2 Ng5 47. Ke1 Ne4 48. Kd1 Rf2 49. Kc2 Kf5 50. Kb3 Nd2+ 51. Kb4 Nc4 52. Ng3+ Kf4 53. Rxe6 Kxg3 54. Kxb5 Rf5 55. Kc5 Kf3 56. Re8 Ne3 57. Re5 Kf4 58. Re8 Rh5 59. Kb5 Rh1 60. Re5 Rh8 61. Re7 Rc8 62. Kb4 Kf3 63. Rb7 Ke2 64. Rb5 Rc4+ 65. Kb3 Rc8 66. Kb4 Kd3 67. Rc5 Rb8+ 68. Ka4 Kc2 69. Rc7 Rb3 70. c4 dxc4 71. d5 Rd3 72. d6 Rxd6 73. Rc8 c3 0-1

[Event "6th Parsvnath Open"]
[Site "New Delhi IND"]
[Date "2008.01.19"]
[Round "9"]
[White "Saptarshi, R."]
[Black "Sinha, SK."]
[Result "1/2-1/2"]
[WhiteElo "2404"]
[BlackElo "2190"]
[PlyCount "36"]
[EventDate "2008.01.13"]
[Source "www.chesslib.no"]
[SourceDate "2004.05.04"]

1. e4 e6 2. d4 d5 3. Nc3 Nf6 4. Bg5 Be7 5. Bxf6 Bxf6 6. Nf3 O-O 7. Bd3 c5 8. e5 Be7 9. h4 f6 10. Ng5 fxg5 11. hxg5 Bxg5 12. Bxh7+ Kh8 13. Bd3+ Bh6 14. Qg4 c4 15. Qg6 cxd3 16. Rxh6+ gxh6 17. Qxh6+ Kg8 18. Qg6+ Kh8 1/2-1/2

[Event "Cappelle Open"]
[Site "Cappelle la Grande FRA"]
[Date "1995.??.??"]
[Round "2"]
[White "Sakhatova, Elvira"]
[Black "Gourmelen, Michel"]
[Result "1-0"]
[WhiteElo "2385"]
[BlackElo "2205"]
[PlyCount "83"]
[EventDate "1995.03.??"]
[Source "www.chesslib.no"]
[SourceDate "2004.05.04"]

1. e4 e6 2. d4 d5 3. Nc3 Nf6 4. Bg5 Be7 5. Bxf6 Bxf6 6. Nf3 b6 7. Bb5+ c6 8. Bd3 Ba6 9. Bxa6 Nxa6 10. Qe2 Nb8 11. O-O-O Be7 12. Ne5 Qc7 13. h4 Nd7 14. f4 Nxe5 15. dxe5 O-O-O 16. exd5 cxd5 17. f5 Kb8 18. fxe6 fxe6 19. Nb5 Qd7 20. Rh3 Rc8 21. Kb1 Rhf8 22. h5 Rf4 23. Nd4 Bc5 24. Nb3 Qf7 25. Rg3 Bf2 26. Rh3 Qf5 27. Nc1 Re4 28. Qf3 Rf4 29. Qd3 Qxe5 30. Qxh7 Rf5 31. Qg6 Rg5 32. Qf7 Rxg2 33. Rd2 Qe1 34. Re2 Qf1 35. Qf4+ Kb7 36. Rf3 Rc4 37. Rfxf2 Rxf4 38. Rxf1 Rxf1 39. Rxg2 e5 40. Rxg7+ Kc6 41. h6 e4 42. h7 1-0

[Event "Sitges Open"]
[Site "Sitges"]
[Date "1992.??.??"]
[Round "6"]
[White "Hamdouchi, Hichem"]
[Black "Gallego Eraso, Julia"]
[Result "1-0"]
[WhiteElo "2435"]
[BlackElo "2140"]
[PlyCount "59"]
[EventDate "1992.??.??"]
[Source "www.chesslib.no"]
[SourceDate "2004.05.04"]

1. e4 e6 2. d4 d5 3. Nc3 Nf6 4. Bg5 Be7 5. Bxf6 Bxf6 6. Nf3 O-O 7. Bd3 b6 8. h4 g6 9. e5 Bg7 10. Ne2 Ba6 11. c3 Bxd3 12. Qxd3 Bh6 13. Rh3 c5 14. g4 cxd4 15. cxd4 Re8 16. g5 Bf8 17. h5 Be7 18. hxg6 hxg6 19. O-O-O Kg7 20. Rdh1 Rg8 21. Kb1 Nc6 22. Qe3 Rc8 23. Rh7+ Kf8 24. Qf4 Qe8 25. Rh8 Bd8 26. R1h7 Ke7 27. Qf6+ Kd7 28. Rxf7+ Be7 29. Rxg8 Qxg8 30. Nf4 1-0

[Event "Vejle op"]
[Site "Vejle"]
[Date "1974.??.??"]
[Round "7"]
[White "Pedersen, Karl"]
[Black "Grabow, Sten"]
[Result "1-0"]
[WhiteElo "2375"]
[BlackElo "2200"]
[PlyCount "47"]
[EventDate "1974.??.??"]
[Source "ChessBase"]

1. e4 e6 2. d4 d5 3. Nc3 Nf6 4. Bg5 Be7 5. Bxf6 Bxf6 6. Nf3 O-O 7. e5 Be7 8. Bd3 c5 9. h4 f5 10. exf6 gxf6 11. Qd2 Rf7 12. dxc5 Bxc5 13. O-O-O Qa5 14. Qh6 Bxf2 15. Ng5 fxg5 16. hxg5 Be3+ 17. Kb1 Qc7 18. Rde1 Nc6 19. Rxe3 Ne5 20. Rxe5 Qxe5 21. Bxh7+ Kh8 22. Bg6+ Kg8 23. Bxf7+ Kxf7 24. Qh7+ 1-0

[Event "Zalakaros Open"]
[Site "Zalakaros"]
[Date "1993.??.??"]
[Round "9"]
[White "Horvath, Sandor"]
[Black "Szittar, Antal"]
[Result "1-0"]
[WhiteElo "2370"]
[BlackElo "2205"]
[PlyCount "91"]
[EventDate "1993.??.??"]
[Source "www.chesslib.no"]
[SourceDate "2004.05.04"]

1. e4 e6 2. d4 d5 3. Nc3 Nf6 4. Bg5 Be7 5. Bxf6 Bxf6 6. Nf3 O-O 7. Qd2 c5 8. exd5 cxd4 9. Nxd4 exd5 10. O-O-O Nc6 11. Nb3 Bg4 12. Re1 Re8 13. Rxe8+ Qxe8 14. Nxd5 Be5 15. f4 Bd6 16. Bc4 Rd8 17. Re1 Qd7 18. g3 Re8 19. Ne3 Bh3 20. Rd1 Rd8 21. a3 a6 22. Bf1 Be6 23. Nc4 Bc7 24. Qxd7 Rxd7 25. Rxd7 Bxd7 26. Nc5 Bc8 27. Bg2 Nd8 28. Ne4 b5 29. Ncd2 Kf8 30. b4 Ke7 31. Nc5 Bb6 32. Ndb3 Kd6 33. Kd2 f5 34. Kd3 Nc6 35. c4 bxc4+ 36. Kxc4 h6 37. a4 g5 38. a5 Ba7 39. fxg5 hxg5 40. h4 gxh4 41. gxh4 f4 42. Bxc6 Kxc6 43. Nd4+ Kd6 44. h5 Bg4 45. h6 f3 46. h7 1-0

[Event "Litomysl Open"]
[Site "Litomysl CZE"]
[Date "1994.??.??"]
[Round "?"]
[White "Svatos, Jan"]
[Black "Lembak, Jurij"]
[Result "1-0"]
[WhiteElo "2280"]
[BlackElo "2290"]
[PlyCount "53"]
[EventDate "1994.??.??"]
[Source "www.chesslib.no"]
[SourceDate "2004.05.04"]

1. e4 e6 2. d4 d5 3. Nc3 Nf6 4. Bg5 Be7 5. Bxf6 Bxf6 6. e5 Be7 7. Qg4 O-O 8. Bd3 c5 9. dxc5 Nd7 10. Nf3 Nxc5 11. O-O f5 12. exf6 Bxf6 13. Rae1 Qd6 14. Ng5 Nxd3 15. cxd3 e5 16. Qh5 Bf5 17. Nge4 dxe4 18. Qxf5 exd3 19. Ne4 Qd5 20. Nc3 Qd4 21. Re4 Qb6 22. Re3 Qxb2 23. Ne4 Qxa2 24. Rh3 h6 25. Rxh6 gxh6 26. Nxf6+ Kg7 27. Nh5+ 1-0